Statistics for Fast Typing to 60 but in 30 Seconds!

Click here to take the quiz!

General Stats

  • This quiz has been taken 149 times
  • The average score is 51 of 60

Answer Stats

Answer% Correct
1
100%
2
100%
3
100%
4
100%
5
100%
10
99%
6
99%
7
99%
8
99%
9
99%
11
96%
12
96%
13
96%
20
96%
22
96%
23
96%
14
95%
15
95%
16
95%
17
95%
18
95%
19
95%
21
95%
33
93%
24
91%
25
91%
30
91%
26
90%
27
89%
28
89%
29
89%
31
89%
34
89%
32
88%
35
87%
36
85%
40
85%
37
84%
38
84%
39
84%
41
82%
44
82%
42
78%
43
78%
45
76%
50
74%
46
73%
48
72%
47
71%
49
71%
55
71%
51
70%
52
68%
53
67%
54
67%
56
62%
57
61%
60
61%
58
57%
59
57%

Score Distribution

Percentile by Number Answered

Percent of People with Each Score

Your Score History

You have not taken this quiz